Los cuentos y las novelas del Quijote
Guardat en:
| Autor principal: | |
|---|---|
| Format: | Llibre |
| Idioma: | espanyol |
| Publicat: |
Pamplona
Universidad de Navarra
1998
|
| Col·lecció: | Biblioteca Aurea Hispánica, 4
|
| Matèries: | |
| Etiquetes: |
Afegir etiqueta
Sense etiquetes, Sigues el primer a etiquetar aquest registre!
|
MARC
| LEADER | 00000nam a2200000 a 4500 | ||
|---|---|---|---|
| 001 | UCP2488 | ||
| 003 | CL-VaPUC | ||
| 008 | 990520e19980000sp |||||||||||||||||spa|d | ||
| 082 | 0 | 4 | |a 863.09 |b ZIM |2 21 |
| 100 | 0 | |a Zimic, Stanislav |e author |9 429273 | |
| 245 | 1 | 4 | |a Los cuentos y las novelas del Quijote |
| 300 | |a 349 p | ||
| 942 | |c BK | ||
| 945 | |d 19990520 00:00:00 |a rbrito | ||
| 260 | |a Pamplona |b Universidad de Navarra |c 1998 | ||
| 600 | 0 | |a Cervantes y Saavedra, Miguel de |9 267947 | |
| 650 | 0 | |a Cuentos españoles |9 267960 | |
| 650 | 7 | |a NOVELA ESPAÑOLA |2 CL-VaPUC |9 313139 | |
| 650 | 0 | |a Historia y crítica |9 257407 | |
| 650 | 0 | |a Crítica literaria |9 269189 | |
| 650 | 0 | |a Crítica e interpretación |9 255042 | |
| 583 | |a last modification |c 20171220 02:59:42 |k Rodrigo Vera | ||
| 490 | 0 | |a Biblioteca Aurea Hispánica, 4 | |
| 999 | |c 281013 |d 281011 | ||
| 952 | |0 0 |1 0 |4 0 |6 863_090000000000000_ZIM_1998 |7 0 |8 A |9 321610 |a FDOPOS |b FDOPOS |d 2019-11-20 |i 3523438 |o 863.09 ZIM 1998 |p 3523438 |r 2025-01-22 |w 2019-11-20 |y BK |k MLH | ||